Intermediate economics
Αποθηκεύτηκε σε:
| Κύριος συγγραφέας: | |
|---|---|
| Μορφή: | Βιβλίο |
| Γλώσσα: | English |
| Δημοσίευση: |
London,
MacΜillan :
1973, c1965.
|
| Έκδοση: | 2nd. ed., Repr. |
| Θέματα: | |
| Ετικέτες: |
Προσθήκη ετικέτας
Δεν υπάρχουν, Καταχωρήστε ετικέτα πρώτοι!
|
MARC
| LEADER | 00000cam a2200000 a 4500 | ||
|---|---|---|---|
| 001 | 1/112247 | ||
| 008 | 161101r19731965enk| ||| |||| ||eng|| | ||
| 040 | |a GR-MyUa |b gre |c GR-MyUa |e AACR2 | ||
| 041 | 0 | |a eng | |
| 082 | 7 | |a 330 |2 (23) | |
| 100 | 1 | |a Harvey, J. |q (Jack), |d 1917- | |
| 245 | 1 | 0 | |a Intermediate economics / |c by J. Harvey. |
| 250 | |a 2nd. ed., Repr. | ||
| 260 | |a London, |b MacΜillan : |c 1973, c1965. | ||
| 300 | |a xviii, 476 σ. ; |b εικ. : |c 22 εκ. | ||
| 504 | |a Περιέχει βιβλιογραφικές αναφορές και ευρετήριο. | ||
| 650 | 0 | |a Economics | |
| 852 | |a INST |b SAMOS |e 20161101 |h 330 HAR |p 005300043772 |q 005300043772 |t BK |y 0 | ||
| 970 | |a Γουβάλα |b Βάσω |z 1-11-2016 | ||